000 00663nam a2200229Ia 4500
003 OSt
005 20220923214749.0
006 a|||||r|||| 00| 0
007 ta
008 220922b |||||||| |||| 00| 0 hin d
024 _a172,460
037 _cTextual
040 _aARTS
_cARTS
_bhin
041 _2hin
_ahin
082 _aO152:3N44:1, L2-;1-;2(TTPH)
100 _aपरवेज, मेहरून्निसा
245 0 _aउसका घर
246 _aUsakā ghara
260 _c1972
942 _hO152:3N44:1, L2-;1-;2(TTPH)
_cTEXL
_2CC
999 _c326520
_d326520